| 000 | 00804cam a2200169 4500 | ||
|---|---|---|---|
| 008 | 030317n2002 000 0 eng u | ||
| 035 | _a(Sirsi) u121633 | ||
| 100 | _aCurd, C. | ||
| 245 | _aAsbestos: tax relief | ||
| 260 | _c2002 | ||
| 490 |
_aRICS Building Surveying Faculty: The Journal _v (5) October 2002, 3(1) |
||
| 520 | _aThe government has introduced a 150% tax relief for companies incurring expenditure on land remediation, including buildings. The cost of asbestos removal can be set off against company profits and companies can claim the relief on expenditure from 11 May 2001. Provides details of the type of expenditure which may qualify with a worked example. | ||
| 650 | _aASBESTOS REMOVAL | ||
| 650 | _aTAX RELIEF | ||
| 690 | _aBUILT ENVIRONMENT-BUILDING INSPECTION | ||
| 942 | _n0 | ||
| 999 |
_c72306 _d72306 |
||